000 00585cam a2200205 4500500
005 20260405001900.0
041 _afre
042 _adc
100 1 0 _aLequin, Mathilde
_eauthor
245 0 0 _aLe Siècle de Baudelaire
260 _c2014.
500 _a79
690 _aBaudelaire
690 _aModerne
690 _aModernité
690 _aVille
690 _aYves Bonnefoy
786 0 _nPhilosophie magazine | 84 | 11 | 2014-11-01 | p. 73-75 | 1951-1787
856 4 1 _uhttps://shs.cairn.info/magazine-philosophie-magazine-2014-11-page-73?lang=fr&redirect-ssocas=7080
999 _c2051968
_d2051968